000 00310nam a22001337a 4500
008 171017b xxu||||| |||| 00| 0 eng d
020 _a9780132343527
041 _aeng
080 _27 ED
_a331.101.262
100 _a52
101 _aBNJ
245 _aHUMAN RESOURCE MANAGMENT
_cDESSLER.G
942 _2udc
_cBK
999 _c34293
_d34293